Normale Ansicht MARC-Ansicht ISBD

August von Haxthausen - Edita von Rahden : (Titelsatznr. 8432)

[ MARC ]
MARC-Details
000 -Satzkennung
Kontrollfeld mit fester Länge 00558nam a22001811c 4500
001 - Kontrollnummer
Kontrollfeld a987684001
008 - Feld mit fester Länge zur physischen Beschreibung - Allgemeine Angaben
Kontrollfeld mit fester Länge 051003s1975 gw |||| 000u ger d
041 ## - Sprachcode
Sprachcode des Textes/der Tonspur oder des separaten Titels ger
040 ## - Katalogisierungsquelle
Übertragungsstelle RU-10907106
003 - Kontrollnummer Identifier
Kontrollfeld RU-10907106
100 1# - Haupteintragung - Personenname
Personenname Haxthausen, August von
245 00 - Titel
Titel August von Haxthausen - Edita von Rahden :
Zusatz zum Titel Ein Briefwechsel im Hintergrund der russischen Bauernbefreiung 1861
264 ## - Produktion, Veröffentlichung, Distribution, Herstellung und Urheberrechtsvermerk
Herstellungs-, Veröffentlichungs- Vertriebs-, Erzeugungsort Paderborn :
Produzent, Herausgeber, Distributor, Hersteller Schöningh,
Datum der Herstellung, der Veröffentlichung, des Vertriebs oder des Urheberschutzvermerks 1975
300 ## - Physische Beschreibung
Umfang 263 S. Feinb.
700 1# - Nebeneintragung - Personenname
Personenname Rahden, Edita von
Funktionsbezeichnung VerfasserIn
700 1# - Nebeneintragung - Personenname
Personenname Cohausz, Alfred
Funktionsbezeichnung HerausgeberIn
942 ## - Zusätzliche Felder (Koha)
Koha-Medientyp Monographien
Exemplare
Ausgeschieden Verloren Klassifikation oder Aufstellungssystematik Beschädigt Nicht entleihbar Heimatbibliothek Aufenthaltsbibliothek Aufstellungsort Erwerbungsdatum Inventarnummer Signatur Barcode Letzte Aktivität Preis gültig von Koha-Medientyp
    Andere/Generische Klassifikation     MWN Osteuropa MWN Osteuropa Magazin - 2 03/10/2005 05-01926 R 54 p Coh E004015078FCC3CE 22/02/2021 22/03/2021 Monographien